| 000 | 00872cam a2200253 4500 | ||
|---|---|---|---|
| 001 | 4404 | ||
| 003 | BD-RjUL | ||
| 005 | 20211208233903.0 | ||
| 008 | 131222s1971 ii 001 0 eng | ||
| 035 | _a(BD-RjUL)4439 | ||
| 040 |
_aDLC _cDLC _dDLC _dBD-RjUL _beng |
||
| 041 | _aeng | ||
| 082 |
_219 _a342.372 _bGAM 1971 |
||
| 100 | 1 |
_aGanatra, D. J. _913931 |
|
| 245 | 1 | 4 |
_aThe Monopolies and restrictive trade practices act, 1969 (act LIV of 1969) : _bwith explanatory legal notes, comments, and special chapter for trade and industry / _cby D. J. Ganatra. Foreword by S. P. Godrej. |
| 260 |
_aBombay : _bN. M. Tripathi, _cc1971. |
||
| 300 |
_axxii, 258 p. ; _c25 cm. |
||
| 504 | _aIncludes Index. | ||
| 650 | 0 |
_aRestraint of trade _zIndia. _913932 |
|
| 650 | 0 |
_aMonopolies _zIndia. _913933 |
|
| 942 |
_2ddc _cBK |
||
| 999 |
_c4404 _d4404 |
||